LEADER 01783nam--2200517---450- 001 990002365160203316 005 20081209103202.0 035 $a000236516 035 $aUSA01000236516 035 $a(ALEPH)000236516USA01 035 $a000236516 100 $a20050117d1980----km-y0itay0103----ba 101 $aita 102 $aIT 105 $a||||||||001yy 200 1 $a<> imprese pubbliche locali di fronte alle nuove norme sulla finanza pubblica e sui bilanci$ecenni esplicativi ed esempi pratici$fGiosuè Nicoletti$gintroduzione di Luciano Peduzzi 210 $aMilano$cGiuffrè$d1980 215 $aVII, 166 p.$d23 cm 225 2 $aQuaderni CISPEL per le aziende pubbliche degli enti locali$v2 410 0$12001$aQuaderni CISPEL per le aziende pubbliche degli enti locali$v2 454 1$12001 461 1$1001-------$12001 606 0 $aAziende degli enti locali 676 $a352 700 1$aNICOLETTI,$bGiosuè$0369185 702 1$aPEDUZZI,$bLuciano 801 0$aIT$bsalbc$gISBD 912 $a990002365160203316 951 $a352 IMP 1 (IRA 20 17)$b3285 E.C.$cIRA 20$d00009593 951 $aColl. ENU 2$b60416 G.$cColl. ENU 951 $a300 352 NIC$b2548 DISES 959 $aBK 969 $aECO 969 $aGIU 969 $aDISES 979 $aSIAV7$b10$c20050117$lUSA01$h1632 979 $aSIAV7$b10$c20050117$lUSA01$h1633 979 $aSIAV7$b10$c20050117$lUSA01$h1638 979 $aPATRY$b90$c20051123$lUSA01$h1458 979 $aRSIAV1$b90$c20081209$lUSA01$h1032 979 $c20121027$lUSA01$h1551 979 $c20121027$lUSA01$h1602 979 $c20121027$lUSA01$h1611 996 $aImprese pubbliche locali di fronte alle nuove norme sulla finanza pubblica e sui bilanci$935288 997 $aUNISA DEB $aUSA15988 LEADER 00514nam 2200169z- 450 001 9910693780503321 035 $a(CKB)4970000000059092 035 $a(EXLCZ)994970000000059092 100 $a20240129c2002uuuu -u- - 101 0 $aeng 200 00$aWelfare reform : with TANF flexibility, states vary in how they implement work requirements and time limits 210 $aWashington, D.C 517 $aWelfare Reform 906 $aDOCUMENT 912 $a9910693780503321 996 $aWelfare reform$93096253 997 $aUNINA LEADER 00742nam a2200229 i 4500 001 991004376432807536 005 20250415095047.0 008 250415s1973 be er 001 0 fre d 040 $aBibl. Dip.le Aggr. Studi Umanistici - Sez. Filosofia$bita$cSocioculturale Scs 041 0 $afre 082 04$a171.5$223 100 1 $aHelvétius, Claude-Adrien$0416398 245 10$aDe l'esprit /$cHelvetius ; présentation de François Châtelet 260 $aVerviers :$bGérard,$c1973 300 $a507 p. ;$c18 cm 490 1 $aMarabout université ;$v237 650 4$aEtica$xUtilitarismo 700 1 $aChâtelet, François 830 0$aMarabout université ;$v237 912 $a991004376432807536 996 $aDe l'esprit$936646 997 $aUNISALENTO